000 00459 a2200181 4500
001 144842
040 _cLeonardo Da Vinci
041 _aPortuguês
082 _a869.93 T627c
_bT627c
100 _aGonzaga, Tomás Antônio
245 _aMarília de Dirceu
_bClássicos da Literatura
250 _a2.ed
260 _bCiranda Cultural
_c2008
_aSão Paulo
300 _a160p
362 _a20080000
697 _aRomance, literatura brasileira
942 _cBK
999 _c144842
_d144842